| 000 | 02861nam a22004697a 4500 | ||
|---|---|---|---|
| 999 |
_c6583 _d6583 |
||
| 003 | OSt | ||
| 005 | 20260304111944.0 | ||
| 008 | 190228c xxut||p| |||| 00| 0 spa d | ||
| 020 | _a9789873048555 | ||
| 040 | _cPJ | ||
| 245 | 1 | 0 |
_aRevista de derecho privado y comunitario : _bInflación : problemas y respuestas - II / _cHéctor Alegría, Jorge Mosset Iturraspe directores. |
| 260 |
_aSanta Fé : _bRubinzal-Culzoni, _c2024. |
||
| 300 |
_a752 p. _c22 cm. |
||
| 310 | _acuatrimestral | ||
| 362 | _aNo. 2 (2024) | ||
| 505 |
_tContratos de locación de inmuebles frente a la inflación / _rNicolás J. Negri. |
||
| 505 |
_tInflación y seguros. necesidad de la indización de la suma asegurada / _rMaría Fabiana Compiani. |
||
| 505 |
_tAportes de capital e inflación / _rLorena R. Schneider. |
||
| 505 |
_tDistorsiones del régimen de la lcq en contexto inflacionario - el problema del artículo 127 de la lcq ante la inflación / _r Iván G. Di Chiazza y Martín E. Ferreyra. |
||
| 505 |
_tHonorarios e inflación / _rCarlos E. Ribera. |
||
| 505 |
_tLa inflación en los concursos y quiebras / _r Diego J. Tula. |
||
| 505 |
_tLas prestaciones de la lrt y la inflación conceptos y métodos de cálculo / _rEmilio E. Romuald. |
||
| 505 |
_tCuota alimentaria en períodos de depreciación monetaria e inflacionarios - inflación: problemas y respuestas / _rMarcela Hee Eijo . |
||
| 505 |
_tDeuda de valor en pagarés: una estrategia ante la incertidumbre inflacionaria / _rJosé Ignacio Pastore. |
||
| 505 |
_tInflación, prohibición de indexación y redeterminación de precios - algunas consideraciones preliminares a propósito del decreto 490/2023 / _r Ana Patricia Guglielminetti. |
||
| 505 |
_tParte general / _rJulio César Rivera Colaborador: Diego M. Fissore. |
||
| 505 |
_tObligaciones / _rAlberto J. Bueres Colaborador: Carlos Reyna. |
||
| 505 |
_tContratos / _rRicardo Luis Lorenzetti y Gonzalo Sozzo Colaborador: Mariano L. Churruarin |
||
| 505 |
_tDerechos reales / _rLeopoldo L. Peralta Mariscal Colaboradora: Mariana Rey. |
||
| 505 |
_tFamilias / _rAída Kemelmajer Colaboradora: María Angélica Correa. |
||
| 505 |
_tSucesiones / _rGraciela Medina Colaboradora: Andrea Inés Podestá. |
||
| 505 |
_tConcursos / _rJosé A. Di Tullio Colaborador: Eduardo Néstor Chiavassa. |
||
| 505 |
_tSeguros / _rHoracio Roitman Colaborador: José A. Di Tullio. |
||
| 505 |
_tSociedades / _rHéctor Alegria Colaborador: Nicolás J. Di Lella. |
||
| 505 |
_tDerecho cambiario / _rIván G. Di Chiazza Colaborador: José Ignacio Pastore. |
||
| 505 |
_tDerechos humanos / _rGraciela Medina Colaboradora: Gabriela Yuba. |
||
| 650 | 0 |
_9292 _aECONOMIA Y FINANZAS |
|
| 650 | 0 |
_94601 _aINFLACIÓN |
|
| 700 |
_91076 _aAlegria, Héctor _edirector |
||
| 700 |
_9528 _aMosset Iturraspe, Jorge _edirector |
||
| 942 |
_2udc _cPP _h347.1(05) _iREV |
||